Leadership and Innovation - How Can Leaders Create Innovation-Promoting Environments in Their Organisations?

Pracovné prostredie formované súčasnou krízou COVID-19 s vynútenym nastavením práce z domu ovplyňujúce inovačné procesy. Vedenie a práca na diaľku a inovácie. Nové obchodné modely a ich význam.

Salvato in:
Dettagli Bibliografici
Autore principale: Pister, Marco, 1974-
Natura: Capitolo di libro
Lingua:inglese
Soggetti:
Tags: Aggiungi Tag
Nessun Tag, puoi essere il primo ad aggiungerne!!

MARC

LEADER 00000naa a2200000 4500
001 0279430
005 20240502083849.2
041 0 |a eng 
044 |a GB 
245 1 0 |a Leadership and Innovation - How Can Leaders Create Innovation-Promoting Environments in Their Organisations?  |c Marco Pister 
520 |a Pracovné prostredie formované súčasnou krízou COVID-19 s vynútenym nastavením práce z domu ovplyňujúce inovačné procesy. Vedenie a práca na diaľku a inovácie. Nové obchodné modely a ich význam. 
610 2 0 |a prostredie pracovné 
610 2 0 |a koronavírus 
610 2 0 |a práca z domu 
610 2 0 |a vedenie ľudí 
610 2 0 |a vedenie podniku 
610 2 0 |a kultúra podniková 
610 2 0 |a kultúra pracoviska 
610 2 0 |a inovácia 
610 2 0 |a modely obchodné 
100 1 |a Pister, Marco, 1974-